000 00418nam a2200181Ia 4500
001 16263
005 20260306170256.0
008 260306t2018||||xx |||||||||||||| ||und||
041 _aESP
082 _a347.51
_bP19
100 _aPallis, Adriana
_eAUT
245 0 _aFusiones y adquisiciones
260 _c2018
300 _a397 páginas :
_c25 cm.
650 _aGEN
654 _aCDE
942 _cLIB
_dJUS
_fJUS
_2ddc
_n
999 _c16263
_d16263